Statistiken für Länder nach Wort

Klicken Sie hier um das Quiz zu spielen!

Allgemein

  • Dieses Quiz wurde 88 mal gespielt
  • Das Durchschnittsergebnis liegt bei 9 aus 10

Antwortstatistiken

HinweisLand% Korrekt
PyramidenÄgypten
99%
BaguetteFrankreich
99%
PizzaItalien
99%
RonaldoPortugal
97%
ZeusGriechenland
96%
EishockeyKanada
95%
GifttiereAustralien
92%
RegenwaldBrasilien
92%
KirschblüteJapan
90%
ErdölSaudi-Arabien
87%

Verteilung der Resultate

Perzentil nach korrekt beantworteten Fragen

Anzahl Personen mit jedem Resultat

Ihre Resultats-Entwicklung

Sie haben dieses Quiz noch nicht gespielt